| 000 | 01910nam a22003975i 4500 | ||
|---|---|---|---|
| 999 |
_c27566 _d27537 |
||
| 003 | EG-ScBUE | ||
| 005 | 20191020154246.0 | ||
| 008 | 190704s2013 ua frb 000 0 ara d | ||
| 017 | _a2013 / 20494 | ||
| 040 |
_aEG-ScBUE _bara _erda _cEG-ScBUE _dEG-ScBUE |
||
| 043 |
_af-ua--- _aa------ |
||
| 082 | 0 | 4 |
_a339.46 _bف ق ر _222 |
| 245 | 0 | 2 |
_aالفقر في الخبرة الآسيوية والدروس المستفادة لمصر / _cتحرير ماجدة علي صالح. |
| 246 | 3 | 5 | _aPoverty in Asian experience and lessons learned for Egypt |
| 264 | 1 |
_aالجيزة، مصر : _bمركز الدراسات الآسيوية، كلية الاقتصاد والعلوم السياسية، جامعة القاهرة، _c2013. |
|
| 300 |
_a254 صفحة ؛ _c24 سم |
||
| 336 |
_2rdacontent _aنص _btxt |
||
| 337 |
_2rdamedia _aبدون وسيط _bn |
||
| 338 |
_2rdacarrier _aمجلد _bnc |
||
| 504 | _aيشتمل على إرجاعات ببليوجرافية. | ||
| 541 |
_aDr. Gamal Selim ; _cDonation ; |
||
| 650 | 7 |
_aالفقر _xجوانب اقتصادية _zاليابان. _2BUEsh |
|
| 650 | 7 |
_aالفقر _xجوانب اقتصادية _zالصين _2BUEsh |
|
| 650 | 7 |
_aالفقر _xجوانب اقتصادية _zماليزيا _2BUEsh |
|
| 650 | 7 |
_aالفقر _xجوانب اقتصادية _zأندونيسيا _2BUEsh |
|
| 650 | 7 |
_aالفقر _xجوانب اقتصادية _zمصر. _2BUEsh |
|
| 650 | 7 |
_aالتنمية الاقتصادية _zاليابان _2BUEsh |
|
| 650 | 7 |
_aالتنمية الاقتصادية _zالهند _2BUEsh |
|
| 650 | 7 |
_aالتنمية الاقتصادية _zماليزيا _2BUEsh |
|
| 650 | 7 |
_aالتنمية الاقتصادية _zالصين _2BUEsh |
|
| 650 | 7 |
_aالتنمية الاقتصادية _zأندونيسيا. _2BUEsh |
|
| 651 | _2BUEsh | ||
| 653 |
_bBUSBOL _bMASPPSS _cJuly2019 |
||
| 700 | 1 |
_aصالح، ماجدة علي، _eمحرر. |
|
| 942 | _2ddc | ||